<?xml version="1.0" encoding="UTF-8"?>
<record
    xmlns:xsi="http://www.w3.org/2001/XMLSchema-instance"
    xsi:schemaLocation="http://www.loc.gov/MARC21/slim http://www.loc.gov/standards/marcxml/schema/MARC21slim.xsd"
    xmlns="http://www.loc.gov/MARC21/slim">

  <leader>02265njm a2200373Ia 4500</leader>
  <controlfield tag="001">40428</controlfield>
  <controlfield tag="003">IT-RoPAU</controlfield>
  <controlfield tag="005">20220918181127.0</controlfield>
  <controlfield tag="008">131025s9999    xx            000 0 und d</controlfield>
  <datafield tag="040" ind1=" " ind2=" ">
    <subfield code="a">IT-RoPAU</subfield>
  </datafield>
  <datafield tag="040" ind1=" " ind2=" ">
    <subfield code="c">IT-RoPAU</subfield>
  </datafield>
  <datafield tag="999" ind1=" " ind2=" ">
    <subfield code="c">100305</subfield>
    <subfield code="d">100305</subfield>
  </datafield>
  <datafield tag="999" ind1=" " ind2=" ">
    <subfield code="b">n.d.</subfield>
  </datafield>
  <datafield tag="100" ind1=" " ind2=" ">
    <subfield code="a">AA.VV.</subfield>
    <subfield code="9">794</subfield>
  </datafield>
  <datafield tag="100" ind1=" " ind2=" ">
    <subfield code="e">Autore musica</subfield>
    <subfield code="9">21276</subfield>
  </datafield>
  <datafield tag="100" ind1=" " ind2=" ">
    <subfield code="g">Codice autore musica SPICS: 12000</subfield>
    <subfield code="9">796</subfield>
  </datafield>
  <datafield tag="245" ind1=" " ind2=" ">
    <subfield code="a">Jazz. Gli uomini, gli strumenti, gli stili 22</subfield>
  </datafield>
  <datafield tag="250" ind1=" " ind2=" ">
    <subfield code="a">2a ed.</subfield>
  </datafield>
  <datafield tag="260" ind1=" " ind2=" ">
    <subfield code="a">MILANO</subfield>
  </datafield>
  <datafield tag="260" ind1=" " ind2=" ">
    <subfield code="b">FRATELLI FABBRI EDITORI</subfield>
    <subfield code="c">1986 [1a Ed.:1986]</subfield>
  </datafield>
  <datafield tag="300" ind1=" " ind2=" ">
    <subfield code="a">MUSICASSETTA</subfield>
  </datafield>
  <datafield tag="300" ind1=" " ind2=" ">
    <subfield code="c">36 minuti (Testo:  pag.)</subfield>
  </datafield>
  <datafield tag="500" ind1=" " ind2=" ">
    <subfield code="a">Musica jazz</subfield>
  </datafield>
  <datafield tag="505" ind1=" " ind2=" ">
    <subfield code="a">In the Evening [(Parigi, 20.9.1951) (4:00)] - What I Used To Do [(Parigi, 21.9.1951) (4:00)] - Keep Your Hands Off Her [(Chicago, aprile 1949) (3:00)] - Make My Getaway [(Parigi, 21.9.1951) (4:00)] - You've Been Mistreating My Baby [(Chicago, gennaio 1949) (3:00)] - Down By the Riverside [(Copenhagen, "Club Montmartre" 5.5.1956) (3:00)] - Swaane River [(Copenhagen, "Club Montmartre" 5.5.1956) (2:00)] - Blues in 1890 [(Parigi, 21.9.1951) (3:00)] - Ananais [(Copenhagen, "Club Montmartre" 6.5.1956) (3:00)] - John Henry [(Copenhagen, "Club Montmartre 6.5.1956) (4:00)] - Feeling Low Down [(Parigi, 20.9.1951) (3:00)]</subfield>
  </datafield>
  <datafield tag="511" ind1=" " ind2=" ">
    <subfield code="a">Broonzy Big Bill: voc, chit</subfield>
  </datafield>
  <datafield tag="511" ind1=" " ind2=" ">
    <subfield code="a">Broonzy Big Bill: voc, chit; Acc. By Wallace Alfred: batt</subfield>
  </datafield>
  <datafield tag="511" ind1=" " ind2=" ">
    <subfield code="a">Broonzy Big Bill: voc, chit; Casey Antonio: alto; Sharp Carl: p; Knowling Ransom: b; Wallace Alfred: batt; Big Bill Broonzy and His Fat Four</subfield>
  </datafield>
  <datafield tag="650" ind1=" " ind2=" ">
    <subfield code="a">JAZZ [CASSETTE]</subfield>
    <subfield code="e">Codice MATERIA SPICS: 9951</subfield>
    <subfield code="9">1831</subfield>
  </datafield>
  <datafield tag="700" ind1=" " ind2=" ">
    <subfield code="a">Broonzy Big Bill</subfield>
    <subfield code="d">Codice interprete SPICS: 12005</subfield>
    <subfield code="e">Interprete</subfield>
    <subfield code="9">21277</subfield>
  </datafield>
  <datafield tag="700" ind1=" " ind2=" ">
    <subfield code="a">Carr Leroy</subfield>
    <subfield code="d">Codice autore musica SPICS: 20449</subfield>
    <subfield code="e">Autore musica</subfield>
    <subfield code="p">In the Evening</subfield>
    <subfield code="9">21278</subfield>
  </datafield>
  <datafield tag="700" ind1=" " ind2=" ">
    <subfield code="a">Broonzy Big Bill</subfield>
    <subfield code="d">Codice autore musica SPICS: 12005</subfield>
    <subfield code="e">Autore musica</subfield>
    <subfield code="p">What I Used To Do - Keep Your Hands Off Her - Make My Getaway - You've Been Mistreating My Baby - Blues in 1890 - Feeling Low Down </subfield>
    <subfield code="9">21279</subfield>
  </datafield>
  <datafield tag="700" ind1=" " ind2=" ">
    <subfield code="a">Anonimo</subfield>
    <subfield code="d">Codice autore musica SPICS: 2620</subfield>
    <subfield code="e">Autore musica</subfield>
    <subfield code="p">Down By the Riverside - Ananais - John Henry</subfield>
    <subfield code="9">21280</subfield>
  </datafield>
  <datafield tag="700" ind1=" " ind2=" ">
    <subfield code="a">Foster Al</subfield>
    <subfield code="d">Codice autore musica SPICS: 20431</subfield>
    <subfield code="e">Autore musica</subfield>
    <subfield code="p">Swaane River</subfield>
    <subfield code="9">21281</subfield>
  </datafield>
  <datafield tag="942" ind1=" " ind2=" ">
    <subfield code="c">MC</subfield>
    <subfield code="2">ddc</subfield>
  </datafield>
  <datafield tag="952" ind1=" " ind2=" ">
    <subfield code="0">0</subfield>
    <subfield code="1">0</subfield>
    <subfield code="4">0</subfield>
    <subfield code="6">40428_000000000000000</subfield>
    <subfield code="7">1</subfield>
    <subfield code="a">SPICS</subfield>
    <subfield code="b">SPICS</subfield>
    <subfield code="d">2013-10-25</subfield>
    <subfield code="l">0</subfield>
    <subfield code="o">40428</subfield>
    <subfield code="r">2013-10-25 00:00:00</subfield>
    <subfield code="w">2013-10-25</subfield>
    <subfield code="y">MC</subfield>
    <subfield code="z">Progr. Ins.: 14225 / N.Vol.: 1 / Copie: 1 - Copia rara: n.d. / date import: 01.01.2014 - By Epidotti, Trombetti, Vaglietti</subfield>
  </datafield>
</record>
